000 00542nam a2200157Ia 4500
999 _c21069
_d21069
082 _aRP.0192
100 _aPandey, Ramesh Chandra
245 0 _aStudy of creative thinking abilities of 8th class students in Kumaon division in relation to their intelligence and socio-economic status
260 _c1990
300 _a134
650 _aCREATIVE THINKING (EDUCATION)
650 _aCREATIVE ABILITY
650 _aHIGH SCHOOL STUDENTS - SOCIO-ECONOMIC STATUS - UTTAR PRADESH - KUMAON REGION
710 _aICSSR, New Delhi
942 _cRP
_2ddc